Perspectivas económicas de América Latina 2017: (Registro nro. 3903)
[ vista simple ]
| 000 -LEADER | |
|---|---|
| fixed length control field | 01388nam a2200265Ia 4500 |
| 003 - CONTROL NUMBER IDENTIFIER | |
| control field | OSt |
| 005 - DATE AND TIME OF LATEST TRANSACTION | |
| control field | 20221013151657.0 |
| 008 - FIXED-LENGTH DATA ELEMENTS--GENERAL INFORMATION | |
| fixed length control field | 191128s2015 fr ad gr 000 0 spa d |
| 020 ## - INTERNATIONAL STANDARD BOOK NUMBER | |
| International Standard Book Number | 9789264265011 |
| 040 ## - CATALOGING SOURCE | |
| Original cataloging agency | CO-JMCR |
| Transcribing agency | CO-JMCR |
| 041 0# - LANGUAGE CODE | |
| Language code of text/sound track or separate title | spa |
| 082 04 - DEWEY DECIMAL CLASSIFICATION NUMBER | |
| Classification number | 330.98 / |
| Item number | B213p |
| Edition number | 23 |
| 110 2# - MAIN ENTRY--CORPORATE NAME | |
| Corporate name or jurisdiction name as entry element | OCDE |
| 9 (RLIN) | 6178 |
| 245 10 - TITLE STATEMENT | |
| Title | Perspectivas económicas de América Latina 2017: |
| Remainder of title | juventud, competencias y emprendimiento / |
| Statement of responsibility, etc. | OCDE, CEPAL y CAF |
| 260 ## - PUBLICATION, DISTRIBUTION, ETC. | |
| Place of publication, distribution, etc. | [Paris] : |
| Name of publisher, distributor, etc. | OECD Publishing, |
| Date of publication, distribution, etc. | 2015. |
| 300 ## - PHYSICAL DESCRIPTION | |
| Extent | 335 páginas : |
| Other physical details | gráficas a blanco y negro ; |
| Dimensions | 28 cm. |
| 505 0# - FORMATTED CONTENTS NOTE | |
| Formatted contents note | Mejorando la inclusión de los jóvenes a través de mejores competencias y más oportunidades de emprendimiento -- Perspectivas macroeconómicas para América latina y el caribe -- La inclusión de los jóvenes en América latina y sus principales retos |
| 520 0# - SUMMARY, ETC. | |
| Summary, etc. | En el texto se puede visualizar el gráfico de Variación del gasto primario en economías de América Latina en Colombia (2014 versus 2015). Por otra parte se puede visualizar los ingresos relativos de los trabajadores por nivel de educación alcanzado |
| 650 14 - SUBJECT ADDED ENTRY--TOPICAL TERM | |
| Topical term or geographic name entry element | Desarrollo económico y social |
| Geographic subdivision | América Latina |
| Chronological subdivision | Siglo XXI |
| 9 (RLIN) | 6829 |
| 650 24 - SUBJECT ADDED ENTRY--TOPICAL TERM | |
| Topical term or geographic name entry element | Educación |
| General subdivision | Aspectos sociales |
| Geographic subdivision | América Latina |
| Chronological subdivision | Siglo XXI |
| 9 (RLIN) | 6830 |
| 710 2# - ADDED ENTRY--CORPORATE NAME | |
| Corporate name or jurisdiction name as entry element | CEPAL |
| 9 (RLIN) | 12984 |
| 710 2# - ADDED ENTRY--CORPORATE NAME | |
| Corporate name or jurisdiction name as entry element | CAF |
| 9 (RLIN) | 42410 |
| 856 41 - ELECTRONIC LOCATION AND ACCESS | |
| Uniform Resource Identifier | <a href="http://dx.doi.org/10.1787/leo-2017-es">http://dx.doi.org/10.1787/leo-2017-es</a> |
| 942 ## - ADDED ENTRY ELEMENTS (KOHA) | |
| Source of classification or shelving scheme | Dewey Decimal Classification |
| Koha item type | Books |
| Withdrawn status | Lost status | Source of classification or shelving scheme | Materials specified (bound volume or other part) | Damaged status | Not for loan | Home library | Current library | Shelving location | Date acquired | Source of acquisition | Full call number | Barcode | Date last seen | Copy number | Price effective from | Koha item type |
|---|---|---|---|---|---|---|---|---|---|---|---|---|---|---|---|---|
| Dewey Decimal Classification | Donación--28/08/2018-- | Biblioteca Pública José María del Castillo y Rada | Biblioteca Pública José María del Castillo y Rada | General Stacks | 11/28/2019 | Donación | 330.98 / B213p | 201808546 | 05/16/2024 | Ej.1 | 11/28/2019 | Books |